Proyecto 95 (Registro nro. 6622)

Detalles MARC
000 -LEADER
fixed length control field 00981 a2200205 4500
001 - CONTROL NUMBER
control field 59203
005 - DATE AND TIME OF LATEST TRANSACTION
control field 20260407155846.0
008 - FIXED-LENGTH DATA ELEMENTS--GENERAL INFORMATION
fixed length control field 260407a1991 arg spa d
003 - CONTROL NUMBER IDENTIFIER
control field AR-UNSa-BCEJYS
040 ## - CATALOGING SOURCE
Original cataloging agency AR-UNSa-BCEJYS
Language of cataloging spa
Transcribing agency AR-UNSa-BCEJYS
080 ## - UNIVERSAL DECIMAL CLASSIFICATION NUMBER
Universal Decimal Classification number 94:32
Common auxiliary subdivision Historia Política
020 ## - INTERNATIONAL STANDARD BOOK NUMBER
International Standard Book Number 950-742-114-9
100 1# - MAIN ENTRY--PERSONAL NAME
Personal name Terragno, Rodolfo
245 10 - TITLE STATEMENT
Title Proyecto 95
264 #1 - PRODUCTION, PUBLICATION, DISTRIBUTION, MANUFACTURE, AND COPYRIGHT NOTICE
Place of production, publication, distribution, manufacture Buenos Aires :
Name of producer, publisher, distributor, manufacturer Planeta
Date of production, publication, distribution, manufacture, or copyright notice 1991
300 ## - PHYSICAL DESCRIPTION
Extent 190 p.
Dimensions 23 cm.
505 ## - FORMATTED CONTENTS NOTE
Formatted contents note 1. El diagnóstico / La frustración y sus causas – 2. El método / La apertura intelectual – 3. La teoría / Un mundo en transición – 4. El objetivo / La Argentina, país desarrollado – 5. El requisito / Un acuerdo político de largo plazo – 6. Los instrumentos / El riesgo de desvirtuar la privatización – 7. Los ejemplos / La organización del futuro – 8. Las aplicaciones /Ideas no convencionales – 9. Las propuestas / Cómo se hace
590 ## - LOCAL NOTE (RLIN)
Local note niveau_biblio:m niveau_hierar:0
942 ## - ADDED ENTRY ELEMENTS (KOHA)
Koha item type
Existencias
Withdrawn status Lost status Damaged status Not for loan Home library Current library Shelving location Date acquired Total checkouts Full call number Barcode Date last seen Price effective from Koha item type
        Biblioteca Prof. Eusebio Cleto del Rey Biblioteca Prof. Eusebio Cleto del Rey   07/04/2026   94:32 T323 L58896 07/04/2026 07/04/2026 Libro